000 00933nas a2200289 4500
001 BR2010005189
003 BR-BrBNA
005 20231205114726.0
007 ta
008 230509b bl.|||p| |||| 00| 00por d
040 _aBR-BrBNA
_bpor
_cBiblioteca Nacional de Agricultura
041 _a(Pt)
072 _aQ04
100 1 _aAlmeida, D.T. de
100 1 _aFurtunato, D.M. da N.
100 1 _aAndrade, T.J.C.
100 1 _aFeitosa, S.
245 1 _aValor nutritivo, fatores antinutricionais, formas de consumo, processamento e propriedades medicinais do guandu (Cajunus cajan)
650 _aGUANDU
650 _aLEGUMINOSA FORRAGEIRA
650 _aCOMPOSIÇÃO QUÍMICA
650 _aVALOR NUTRITIVO
650 _aPLANTA MEDICINAL
773 0 _tHigiene Alimentar (Brazil)
_xISSN 0101-9171
_g(May-Jun 2010), v. 24(184-185) p. 70-75
_wBR2010005189
909 _a202311
_bLúcia
_c55
_dLúcia Elande
942 _2AGRIS
_n0
_cANA
999 _c210170
_d210170